00659nam a2200241 a 4500001001300000003000900013005001700022008004100039020001000080082001300090100001400103245006100117260003500178300000800213500003500221505001000256650001600266700001400282902000800296942000700304952009300311999001300404nice12345678IN_TiNIC20260116011353.0050524s1928 laha grp 000 0 urd  ac10000a239bKHA aKhan, M K aMunazara-Hafizabadb an Account of the Hafizabad Debate. aLahorebMahan Singh Baghc1928 a24p aincludes index and biblioraphy2 aIndex aApologetics1 aKhan, M K bSRS cBK 00104070aHMIbHMId2007-06-21g100.00l0o239 KHAp4423r2007-06-21w2026-01-16yARB c925d925